00389cam a22001097a 4500008004000000082002100040245011400061260003700175300001400212650002200226700003100248180718b1990 xxu||||| |||| 00| 0 eng d aL23x5461 D378r 2 aReport of the high powered committee on property taxation in union territory of Delhicby Delhi Adinistration aDelhibDelhi Adinistrationc1990 axiii,148p aProperty taxation aIndia. Delhi Adinistration